Human development report 2005 : (Record no. 15741)

000 -LEADER
fixed length control field 01875cam a2200265Ia 4500
020 ## - INTERNATIONAL STANDARD BOOK NUMBER
ISBN 0195305116
020 ## - INTERNATIONAL STANDARD BOOK NUMBER
ISBN 9780195305111
040 ## - CATALOGING SOURCE
Transcribing agency XNC
082 ## - DEWEY DECIMAL CLASSIFICATION NUMBER
Classification number 338 OXF 2005 A078 Or.
245 00 - TITLE STATEMENT
Title Human development report 2005 :
Remainder of title international cooperation at a crossroads : aid, trade and security in an unequal world
246 3# - VARYING FORM OF TITLE
Title proper/short title International cooperation at a crossroads :
Remainder of title aid, trade and security in an unequal world
246 18 - VARYING FORM OF TITLE
Title proper/short title HDR 2005
260 ## - PUBLICATION, DISTRIBUTION, ETC. (IMPRINT)
Place of publication [New York :
Name of publisher Oxford University Press],
Year of publication c2005
300 ## - PHYSICAL DESCRIPTION
Number of Pages xvi, 372 p. :
Other physical details ill. ;
Dimensions 28 cm
500 ## - GENERAL NOTE
General note Errata inserted
500 ## - GENERAL NOTE
General note "Published for the United Nations Development Programme (UNDP)."
520 1# - SUMMARY, ETC.
Summary, etc "This year's Human Development Report takes stock of human development, including progress towards the MDGs. Looking beyond statistics, it highlights the human costs of missed targets and broken promises. Extreme inequality between countries and within countries is identified as one of the main barriers to human development - and as a powerful brake on accelerated progress towards the MDGs." "New approaches to international cooperation are vital if the promise of the Millennium Declaration is to be realized. Practical action is needed to make the next 10 years a "decade for development." Focusing on aid, trade and security, three of the central pillars of international cooperation, Human Development Report 2005 sets out a bold analysis of the problems and identifies solutions. It argues that rich countries need to move beyond encouraging words to align their policies with the commitments made in the Millennium Declaration."--BOOK JACKET
650 #0 - SUBJECT ADDED ENTRY--TOPICAL TERM
Topical Term Security, International
650 #0 - SUBJECT ADDED ENTRY--TOPICAL TERM
Topical Term International trade
650 #0 - SUBJECT ADDED ENTRY--TOPICAL TERM
Topical Term Social indicators
650 #0 - SUBJECT ADDED ENTRY--TOPICAL TERM
Topical Term Quality of life
650 #0 - SUBJECT ADDED ENTRY--TOPICAL TERM
Topical Term Economic development
710 2# - ADDED ENTRY--CORPORATE NAME
Corporate name or jurisdiction name as entry element United Nations Development Programme
942 ## - ADDED ENTRY ELEMENTS (KOHA)
Koha item type សៀវភៅភាសាអង់គ្លេស
952 ## - LOCATION AND ITEM INFORMATION (KOHA)
Withdrawn status [LOCAL, KOHA] 0
952 ## - LOCATION AND ITEM INFORMATION (KOHA)
Withdrawn status [LOCAL, KOHA] 0
Holdings
Source of acquisition Permanent Location Date acquired Koha item type Lost status Shelving location Barcode Current Location Full call number
 Library Block A2017-12-08សៀវភៅភាសាអង់គ្លេស A078A14570Library Block A338 OXF 2005 A078 Or.
A38819Library Block C2020-09-04សៀវភៅភាសាអង់គ្លេស C161 Library Block C338 OXF 2005 A078 Or.
មជ្ឈមណ្ឌលឯការនៃសាកលវិទ្យាល័យភូមិន្ទកសិកម្មចំការដូង

Powered by Koha